<?xml version="1.0" encoding="UTF-8"?>
<marc:record xmlns:marc="http://www.loc.gov/MARC21/slim">
   <marc:leader>00000nam a2200000 a 4500</marc:leader>
   <marc:datafield ind1="1" ind2=" " tag="100">
      <marc:subfield code="a">Bracht, Petra</marc:subfield>
      <marc:subfield code="4">aut</marc:subfield>
      <marc:subfield code="e">Verfasser/-in</marc:subfield>
   </marc:datafield>
   <marc:datafield ind1=" " ind2=" " tag="653">
      <marc:subfield code="a">Fasten</marc:subfield>
   </marc:datafield>
   <marc:datafield ind1=" " ind2=" " tag="653">
      <marc:subfield code="a">Ernährungslehre (Medizin, Gesundheit)</marc:subfield>
   </marc:datafield>
   <marc:datafield ind1=" " ind2=" " tag="653">
      <marc:subfield code="a">Entspannungstechniken, alternative, ganzheitliche, Natur- und Volksmedizin aus verschiedenen Kulturen (Medizin)</marc:subfield>
   </marc:datafield>
   <marc:datafield ind1=" " ind2=" " tag="653">
      <marc:subfield code="a">Entschlacken</marc:subfield>
   </marc:datafield>
   <marc:datafield ind1="0" ind2="0" tag="245">
      <marc:subfield code="a">Intervallfasten</marc:subfield>
   </marc:datafield>
   <marc:datafield ind1="0" ind2="0" tag="245">
      <marc:subfield code="b">Für ein langes Leben - schlank und gesund</marc:subfield>
   </marc:datafield>
   <marc:datafield ind1=" " ind2="1" tag="264">
      <marc:subfield code="b">GU</marc:subfield>
      <marc:subfield code="c">2018</marc:subfield>
   </marc:datafield>
   <marc:datafield ind1="1" ind2=" " tag="490">
      <marc:subfield code="a">GU Ratgeber Gesundheit</marc:subfield>
   </marc:datafield>
   <marc:datafield ind1="1" ind2=" " tag="520">
      <marc:subfield code="a">Gesund, effektiv und endlich auch alltagstauglich
Nehmen Sie ab ohne Jojo-Effekt und bleiben Sie gesund. Sie benötigen keine Vorbereitungszeit, keine Einläufe und können jederzeit und überall damit starten.
Das Prinzip: Sie essen während 8 Stunden zwei- bis dreimal und fasten dann 16 Stunden. Das Resultat: Kein Hungergefühl, kein Völlegefühl, dafür Kraft und Klarheit in Körper und Geist! Nebenbei purzeln überschüssige Kilos wie von selbst, das Immunsystem wird gestärkt und verschiedenste Krankheiten sowie Beschwerden werden gelindert.
Das Besondere an der Dr. Bracht Methode: Die Kombination aus einer vollwertigen, pflanzlichen Ernährung und dem eigens entwickelten Bewegungsprogramm von Schmerzspezialist Roland Liebscher-Bracht macht Intervallfasten so effektiv. Dank des konkreten 14-Tage-Programms mit Rezepten und speziellen Übungen gelingt der Einstieg kinderleicht. Werden Sie dank Essenspausen regenerationsfähiger, schlank und gesund – ohne dabei zu hungern!</marc:subfield>
   </marc:datafield>
   <marc:datafield ind1=" " ind2=" " tag="020">
      <marc:subfield code="a">9783833865404</marc:subfield>
      <marc:subfield code="9">9783833865404</marc:subfield>
   </marc:datafield>
</marc:record>
